00505nam a22001692 4500001001100000005001700011008004100028040001500069245005300084250001300137260002800150300001100178650004500189651005800234651004000292852000300332000002325620151217155911.0121004s xx 000 0 eng d aKABUcKABU10aRoad to 2015 :bdriving the MDGs /cUNDP, Kenya. a1st ed. aNairobi :bUNDP,c2009. a47 p. 0aEconomic forecastingzKenya.@0000182069 0aKenyaxEconomic conditionsy21st Century.@0000178103 0aKenyaxEconomic policy.@00001501981